000 01251cam a22003617a 4500
003 CHAP
005 20250131101135.0
008 120518s2011 a r 00010 spa d
010 _a10950
011 _a11922
020 _a9786071202147
035 _a12222
040 _cCHAP
090 _aFolleto 16775
100 0 _aKrishnamurthy, Laksmi Reddiar
_963939
245 1 0 _aCultivo del piñon (Jatropha curcas), en la zona norte del Estado de Veracruz
_c/Laksmi Reddiar Krishnamurty, Indumathi Rajagopal y Arturo Peralta Solares
260 _aChapingo, Méx. :
_bUACH,
_c2011
300 _a7 p. :
_bil.
490 0 _aFolleto técnico
_v; 1
590 _aBATCH-UPD
_b10
_c20130110
_lUCH01
_h1505
590 _aBATCH-UPD
_b10
_c20130410
_lUCH01
_h0925
590 _aBATCH-UPD
_b10
_c20130914
_lUCH01
_h1424
590 _aBATCH-UPD
_b10
_c20180726
_lUCH01
_h0901
590 _aCONVERSION
_b10
_c20130109
_lUCH01
_h1307
650 0 4 _aJatropha curcas.
_961233
650 0 4 _aPiñón
_xCultivo.
_988478
700 0 _aRajagopal Reddiar, Indumathi.
_993771
700 1 _aPeralta Solares
_987050
830 0 _aFolleto técnico
_v; 1
_942067
901 _aBK
942 _cFOLL
949 _aFolleto 16775
_bBC
_cFOLL
_d33724002334025
_eTS1
_gDonaciØn
_i12222
_sb
999 _c10950
_d10950